000 00591nam a22001691cc4500
001 a987662552+Vyp3
035 _aa987662552
008 170707s2008 gw |||| 000u rus d
245 0 0 _aSovremennoe istoričeskoe sibirevedenie
_nVyp 3
_pK 65-letiju professora V.A. Skubnevskogo
264 _aBarnaul :
_bAzbuka,
_c2008
300 _a201 S.
246 1 2 _aSovremennoe istoričeskoe sibirevedenie : XVII - načalo XX v. ; sbornik naučnych trudov. K 65-letiju professora V.A. Skubnevskogo
_nVyp 3
773 0 8 _wa987662552
_qVyp3
942 _cMG
040 _cRU-10907106
003 RU-10907106
999 _c47073
_d47073